Sladké bude drahšie
Bezprecedentná inflácia útočí na všetky zmysly spotrebiteľov a je úlohou výrobcov a obchodníkov, aby si s nastupujúcou panikou dokázali poradiť. Rastúce ceny potravín v kombinácii s neistotou týkajúcou sa vývoja v budúcom roku, sú nebezpečným koktailom pre spotrebiteľské správanie. Vzhľadom na to, ž...
Salvato in:
| Autore principale: | |
|---|---|
| Natura: | Capitolo di libro |
| Lingua: | slovacco |
| Soggetti: | |
| Tags: |
Nessun Tag, puoi essere il primo ad aggiungerne!!
|
MARC
| LEADER | 00000naa a2200000 4500 | ||
|---|---|---|---|
| 001 | 0290744 | ||
| 005 | 20240417075224.0 | ||
| 041 | 0 | |a slo | |
| 044 | |a CZ | ||
| 245 | 1 | 0 | |a Sladké bude drahšie |c Peter Kapitán |
| 520 | |a Bezprecedentná inflácia útočí na všetky zmysly spotrebiteľov a je úlohou výrobcov a obchodníkov, aby si s nastupujúcou panikou dokázali poradiť. Rastúce ceny potravín v kombinácii s neistotou týkajúcou sa vývoja v budúcom roku, sú nebezpečným koktailom pre spotrebiteľské správanie. Vzhľadom na to, že výrobcov cukroviniek, sušienok a oblátok potrápia okrem inflácie a rastúcich cien energií ešte aj prudko sa dvíhajúce ceny cukru, dá sa očakávať veľmi rušné obdobie. | ||
| 610 | 2 | 0 | |a cukrovarníctvo |
| 610 | 2 | 0 | |a potravinárstvo |
| 610 | 2 | 0 | |a inflácia |
| 610 | 2 | 0 | |a správanie spotrebiteľa |
| 610 | 2 | 0 | |a čokoláda |
| 100 | 1 | |a Kapitán, Peter | |